000 00516 a2200169 4500
005 20250305141951.0
020 _a978-0-273-71686-0
082 _a001.420 SAU
100 _aSAUNDERS, M.
245 _aResearch Methods for Business Studies.
250 _a5th Ed
260 _aNew York,
_bPrentice Hall,
_c2009.
300 _axxxi, 614p.: ill., figure, picture, table.
_bBibliograpy, Index,
_c27cm
700 _aLEWIS, P. & THORNHILL, A.
856 _yAccess online book
_fResearch
_dWorld Wide Web at:
942 _2ddc
_cBKS
999 _c12
_d12